<?xml version="1.0" encoding="UTF-8"?>
<record
    xmlns:xsi="http://www.w3.org/2001/XMLSchema-instance"
    xsi:schemaLocation="http://www.loc.gov/MARC21/slim http://www.loc.gov/standards/marcxml/schema/MARC21slim.xsd"
    xmlns="http://www.loc.gov/MARC21/slim">

  <leader>01440nam a22002177a 4500</leader>
  <controlfield tag="005">20260129114353.0</controlfield>
  <controlfield tag="008">221125b           ||||| |||| 00| 0 eng d</controlfield>
  <datafield tag="020" ind1=" " ind2=" ">
    <subfield code="a">9780143449522</subfield>
  </datafield>
  <datafield tag="040" ind1=" " ind2=" ">
    <subfield code="c">AL</subfield>
  </datafield>
  <datafield tag="041" ind1=" " ind2=" ">
    <subfield code="a">English</subfield>
  </datafield>
  <datafield tag="082" ind1=" " ind2=" ">
    <subfield code="2">23</subfield>
    <subfield code="a">820.33</subfield>
    <subfield code="b">CHAW</subfield>
  </datafield>
  <datafield tag="100" ind1=" " ind2=" ">
    <subfield code="a">Novoneel Chakraborty</subfield>
    <subfield code="9">253103</subfield>
  </datafield>
  <datafield tag="245" ind1=" " ind2=" ">
    <subfield code="a">Whisper To Me Your Lies</subfield>
  </datafield>
  <datafield tag="260" ind1=" " ind2=" ">
    <subfield code="a">Haryana</subfield>
    <subfield code="b">Penguin Random House India Pvt Ltd</subfield>
    <subfield code="c">2021</subfield>
  </datafield>
  <datafield tag="300" ind1=" " ind2=" ">
    <subfield code="a">284 p.</subfield>
    <subfield code="b">PB</subfield>
    <subfield code="c">20x13 cm.</subfield>
  </datafield>
  <datafield tag="365" ind1=" " ind2=" ">
    <subfield code="a">6071</subfield>
    <subfield code="b">&#x20B9;159.00</subfield>
    <subfield code="c">&#x20B9;</subfield>
    <subfield code="d">&#x20B9;199.00</subfield>
    <subfield code="e">20%</subfield>
    <subfield code="f">23-11-2022</subfield>
  </datafield>
  <datafield tag="520" ind1=" " ind2=" ">
    <subfield code="a">Ekantika Pakrashi has just lost the love of her life. Preliminary reports suggest it was no accident. Her boyfriend was murdered in cold blood and the modus operandi resembles that of India&#x2019;s most notorious serial killer of the 1990s: the Cellotape Killer. He was never caught, and if this indeed was him, then he had resurfaced after twenty-one years.
Ekantika swears to find the killer and get an emotional closure, but what she doesn&#x2019;t know is that in the process she may end up wounding herself irreversibly. Follow this exciting chase as the dark alley turns out to be a twisted labyrinth and it seems the killer is actually coming for . . . her.
Whisper To Me Your Lies is a fast-paced, chilling crime thriller and a poignant tale of a girl&#x2019;s single-minded obsession to find out who altered her life. And why.</subfield>
  </datafield>
  <datafield tag="650" ind1=" " ind2=" ">
    <subfield code="a">Fiction</subfield>
    <subfield code="9">63729</subfield>
  </datafield>
  <datafield tag="650" ind1=" " ind2=" ">
    <subfield code="a">Indian English Fiction</subfield>
    <subfield code="9">63830</subfield>
  </datafield>
  <datafield tag="942" ind1=" " ind2=" ">
    <subfield code="2">ddc</subfield>
    <subfield code="c">BK</subfield>
  </datafield>
  <datafield tag="999" ind1=" " ind2=" ">
    <subfield code="c">225326</subfield>
    <subfield code="d">225326</subfield>
  </datafield>
  <datafield tag="952" ind1=" " ind2=" ">
    <subfield code="0">0</subfield>
    <subfield code="1">0</subfield>
    <subfield code="2">ddc</subfield>
    <subfield code="4">0</subfield>
    <subfield code="7">0</subfield>
    <subfield code="8">GEN</subfield>
    <subfield code="a">AL</subfield>
    <subfield code="b">AL</subfield>
    <subfield code="d">2022-11-24</subfield>
    <subfield code="e">Biblios Book Point Surathkal Mangalore 575014</subfield>
    <subfield code="g">159.00</subfield>
    <subfield code="l">27</subfield>
    <subfield code="m">2</subfield>
    <subfield code="o">820.33 CHAW</subfield>
    <subfield code="p">076253</subfield>
    <subfield code="r">2026-05-11 14:17:15</subfield>
    <subfield code="s">2026-05-02</subfield>
    <subfield code="v">199.00</subfield>
    <subfield code="w">2022-11-25</subfield>
    <subfield code="y">BK</subfield>
  </datafield>
</record>
